[Event "Oberliga Nord W 1617"]
[Site "Germany"]
[Date "2017.02.05"]
[Round "5.2"]
[White "Piepho, Niels"]
[Black "Hoeffer, David"]
[Result "1/2-1/2"]
[WhiteElo "2237"]
[BlackElo "2308"]
[PlyCount "111"]
[EventDate "2016.10.16"]
[EventType "team-tourn"]
[EventRounds "9"]
[EventCountry "GER"]
[SourceTitle "EXT 2018"]
[Source "ChessBase"]
[SourceDate "2017.10.13"]
[SourceVersion "1"]
[SourceVersionDate "2017.10.13"]
[SourceQuality "1"]
[WhiteTeam "Hannover"]
[BlackTeam "Delmenhorst"]
[WhiteTeamCountry "GER"]
[BlackTeamCountry "GER"]

1. Nf3 Nf6 2. g3 g6 3. Bg2 Bg7 4. c4 0-0 5. Nc3 d6 6. 0-0 Nc6 7. Rb1 e5 8. d3 a5 9. a3 Re8 10. Ne1 Bd7 11. Bd2 Qc8 12. Nc2 Bh3 13. e4 Bxg2 14. Kxg2 Nd7 15. Nd5 a4 16. h4 Nc5 17. Be3 h5 18. Bg5 Qd7 19. Nce3 Rf8 20. Bf6 Ne6 21. f4 exf4 22. gxf4 Nc5 23. Qf3 Kh8 24. Qg3 Rg8 25. Qg5 Kh7 26. Bxg7 Kxg7 27. Nf5+ Kf8 28. Qh6+ Ke8 29. Nf6+ Kd8 30. Nxd7 gxf5+ 31. Kh2 Kxd7 32. Qf6 fxe4 33. Qxf7+ Ne7 34. dxe4 Raf8 35. Qxh5 Nxe4 36. Rg1 Rh8 37. Qb5+ Kc8 38. Rg4 Nf5 39. Qd5 Nf2 40. Qe6+ Kb8 41. Rbg1 Nxh4 42. R1g3 Nf5+ 43. Kg2 Nxg4 44. Rxg4 Rh6 45. Qe4 Rhf6 46. Kf3 Re6 47. Qd3 c5 48. Qd5 Nd4+ 49. Kg3 Rf5 50. Rg8+ Ka7 51. Qh1 Ne2+ 52. Kg2 Nxf4+ 53. Kg3 Ne2+ 54. Kg2 Nf4+ 55. Kg3 Ne2+ 56. Kg2 1/2-1/2

[Event "Oberliga Nord W 1617"]
[Site "Germany"]
[Date "2016.12.04"]
[Round "3.3"]
[White "Schulz, Jens"]
[Black "Piepho, Niels"]
[Result "1/2-1/2"]
[WhiteElo "2219"]
[BlackElo "2237"]
[PlyCount "41"]
[EventDate "2016.10.16"]
[EventType "team-tourn"]
[EventRounds "9"]
[EventCountry "GER"]
[SourceTitle "EXT 2018"]
[Source "ChessBase"]
[SourceDate "2017.10.13"]
[SourceVersion "1"]
[SourceVersionDate "2017.10.13"]
[SourceQuality "1"]
[WhiteTeam "Nordhorn Blanke"]
[BlackTeam "Hannover"]
[WhiteTeamCountry "GER"]
[BlackTeamCountry "GER"]

1. e4 d6 2. Nc3 g6 3. d4 Nf6 4. Bg5 Bg7 5. f3 a6 6. Qd2 Nbd7 7. 0-0-0 b5 8. Bh6 Bxh6 9. Qxh6 e5 10. dxe5 dxe5 11. g3 Qe7 12. Bh3 Nb6 13. Bxc8 Rxc8 14. Nge2 Rd8 15. Rhe1 Rd6 16. Rxd6 cxd6 17. Qe3 Qc7 18. Qg5 Qe7 19. Qe3 Qc7 20. Qg5 Qe7 21. Qe3 1/2-1/2

[Event "Oberliga Nord W 1617"]
[Site "Germany"]
[Date "2016.11.20"]
[Round "2.2"]
[White "Wiegmann, Sascha"]
[Black "Piepho, Niels"]
[Result "1-0"]
[WhiteElo "2272"]
[BlackElo "2237"]
[PlyCount "77"]
[EventDate "2016.10.16"]
[EventType "team-tourn"]
[EventRounds "9"]
[EventCountry "GER"]
[SourceTitle "EXT 2018"]
[Source "ChessBase"]
[SourceDate "2017.10.13"]
[SourceVersion "1"]
[SourceVersionDate "2017.10.13"]
[SourceQuality "1"]
[WhiteTeam "Uelzen Post"]
[BlackTeam "Hannover"]
[WhiteTeamCountry "GER"]
[BlackTeamCountry "GER"]

1. Nf3 g6 2. e4 Bg7 3. g3 d5 4. exd5 Qxd5 5. Nc3 Qh5 6. h3 Nf6 7. Bg2 0-0 8. d3 Nc6 9. Bf4 Nd5 10. Bd2 Nxc3 11. Bxc3 Bxc3+ 12. bxc3 e5 13. Nd2 Qxd1+ 14. Rxd1 Be6 15. Rb1 Rab8 16. Bxc6 bxc6 17. Ke2 Rb6 18. c4 Rfb8 19. Rb3 Kf8 20. h4 Ke7 21. Rhb1 f6 22. c5 Rxb3 23. axb3 Rb5 24. Ra1 Rb7 25. Ra6 Bd7 26. Nc4 Rb5 27. Rxa7 Rxc5 28. Rxc7 Rb5 29. Ra7 Rb8 30. Nd2 f5 31. Nc4 Rb5 32. Nd2 h6 33. c4 Rb8 34. Nf3 Ke6 35. Nxe5 Kxe5 36. Rxd7 f4 37. gxf4+ Kxf4 38. Rd6 Rxb3 39. Rf6+ 1-0

[Event "Oberliga Nord W 1415"]
[Site "Germany"]
[Date "2015.04.12"]
[Round "9.4"]
[White "Piepho, Niels"]
[Black "Steffens, Olaf"]
[Result "0-1"]
[WhiteElo "2313"]
[BlackElo "2242"]
[PlyCount "58"]
[EventDate "2014.09.22"]
[EventType "team-tourn"]
[EventRounds "9"]
[EventCountry "GER"]
[SourceTitle "EXT 2016"]
[Source "ChessBase"]
[SourceDate "2015.10.08"]
[SourceVersion "1"]
[SourceVersionDate "2015.10.08"]
[SourceQuality "1"]
[WhiteTeam "Hannover"]
[BlackTeam "Werder Bremen II"]
[WhiteTeamCountry "GER"]
[BlackTeamCountry "GER"]

1. c4 b6 2. Nc3 Ba6 3. d3 g6 4. e4 c5 5. Nf3 Bg7 6. Bf4 Nc6 7. Qd2 d6 8. Be2 h6 9. Bd1 e6 10. Ba4 Nge7 11. h4 Kf8 12. 0-0 Ne5 13. Nh2 Ng8 14. Bg3 g5 15. h5 Nf6 16. Bd1 g4 17. f4 Nxh5 18. Be1 Nf3+ 19. Nxf3 gxf3 20. Bxf3 Bd4+ 21. Kh1 Ng7 22. Ne2 Bf6 23. e5 dxe5 24. Bxa8 Qxa8 25. fxe5 Bg5 26. Nf4 Nf5 27. Kh2 Bb7 28. g4 Nd4 29. Qf2 Nf3+ 0-1

[Event "Oberliga Nord W 1415"]
[Site "Germany"]
[Date "2014.12.07"]
[Round "4.4"]
[White "Hoeffer, David"]
[Black "Piepho, Niels"]
[Result "0-1"]
[WhiteElo "2276"]
[BlackElo "2313"]
[PlyCount "102"]
[EventDate "2014.09.22"]
[EventType "team-tourn"]
[EventRounds "9"]
[EventCountry "GER"]
[SourceTitle "EXT 2016"]
[Source "ChessBase"]
[SourceDate "2015.10.08"]
[SourceVersion "1"]
[SourceVersionDate "2015.10.08"]
[SourceQuality "1"]
[WhiteTeam "Delmenhorst"]
[BlackTeam "Hannover"]
[WhiteTeamCountry "GER"]
[BlackTeamCountry "GER"]

1. e4 d6 2. d4 Nf6 3. Nc3 g6 4. Nge2 Bg7 5. h3 e5 6. Be3 exd4 7. Nxd4 0-0 8. Be2 Re8 9. Bf3 Nbd7 10. 0-0 Nc5 11. Nde2 Nfxe4 12. Nxe4 Nxe4 13. Qd5 c6 14. Qb3 Ng5 15. Bg4 Bxg4 16. hxg4 Qd7 17. Rfe1 Qxg4 18. Bxg5 Qxg5 19. Qxb7 Qc5 20. Rad1 d5 21. c3 Rab8 22. Qd7 Re7 23. b4 Rxd7 24. bxc5 Rb2 25. Nd4 Bxd4 26. Re8+ Kg7 27. cxd4 Rxa2 28. Rc8 Ra6 29. Rb1 Re7 30. Kh2 Ra4 31. Rxc6 Rxd4 32. Rb2 Rc4 33. Rd2 d4 34. Rd6 Rc7 35. R6xd4 Rxd4 36. Rxd4 Rxc5 37. Rd7 a5 38. g4 h6 39. Ra7 h5 40. Kg3 hxg4 41. Kxg4 Rf5 42. Kg3 Kf6 43. Ra6+ Ke7 44. Kg2 Kd7 45. Kf1 Kc7 46. Ke2 Kb7 47. Rd6 a4 48. Rd7+ Kb6 49. Rd6+ Kb5 50. Rd7 a3 51. Rd2 Kc4 0-1

[Event "Oberliga Nord W 1415"]
[Site "Germany"]
[Date "2014.11.09"]
[Round "3.4"]
[White "Piepho, Niels"]
[Black "Kollen, Zyon"]
[Result "0-1"]
[WhiteElo "2313"]
[BlackElo "2181"]
[PlyCount "50"]
[EventDate "2014.09.22"]
[EventType "team-tourn"]
[EventRounds "9"]
[EventCountry "GER"]
[SourceTitle "EXT 2016"]
[Source "ChessBase"]
[SourceDate "2015.10.08"]
[SourceVersion "1"]
[SourceVersionDate "2015.10.08"]
[SourceQuality "1"]
[WhiteTeam "Hannover"]
[BlackTeam "Nordhorn Blanke"]
[WhiteTeamCountry "GER"]
[BlackTeamCountry "GER"]

1. c4 Nf6 2. Nc3 g6 3. g3 Bg7 4. Bg2 0-0 5. Nf3 d6 6. 0-0 a6 7. Rb1 c6 8. b4 b5 9. cxb5 axb5 10. e4 Nbd7 11. d4 Nb6 12. Nd2 Be6 13. Nb3 Na4 14. Ne2 Bc4 15. Bb2 Nxb2 16. Rxb2 Nd7 17. Na5 Rxa5 18. bxa5 Qxa5 19. e5 dxe5 20. Bxc6 exd4 21. Nxd4 Bxf1 22. Kxf1 Nb8 23. Rxb5 Qa6 24. Bb7 Qd6 25. Rd5 Qb6 0-1

[Event "Oberliga Nord W 1213"]
[Site "Germany"]
[Date "2013.02.24"]
[Round "7.4"]
[White "Piepho, Niels"]
[Black "Issing, Peter"]
[Result "1/2-1/2"]
[WhiteElo "2301"]
[BlackElo "2197"]
[PlyCount "132"]
[EventDate "2012.10.14"]
[EventType "team-tourn"]
[EventRounds "9"]
[EventCountry "GER"]
[SourceTitle "EXT 2014"]
[Source "ChessBase"]
[SourceDate "2013.11.20"]
[SourceVersion "1"]
[SourceVersionDate "2013.11.20"]
[SourceQuality "1"]
[WhiteTeam "Hannover"]
[BlackTeam "Bremer SG"]
[WhiteTeamCountry "GER"]
[BlackTeamCountry "GER"]

1. Nf3 Nf6 2. g3 c5 3. c4 b6 4. Nc3 Bb7 5. Bg2 e6 6. 0-0 Be7 7. d4 cxd4 8. Qxd4 0-0 9. Rd1 Nc6 10. Qf4 d6 11. b3 Qb8 12. Bb2 Ne5 13. e4 Ng6 14. Qe3 Rd8 15. Qe2 a6 16. Nd4 Qc7 17. Rac1 Bf8 18. Nc2 Rab8 19. Ne3 Ba8 20. f4 Qa7 21. Re1 b5 22. f5 Ne5 23. fxe6 fxe6 24. cxb5 axb5 25. Nxb5 Qxa2 26. Nd4 Qa7 27. Nxe6 Rdc8 28. Rxc8 Rxc8 29. Nxf8 Rxf8 30. Bxe5 dxe5 31. Qc4+ Kh8 32. Kh1 Qb7 33. Rf1 Rb8 34. Rd1 Nxe4 35. Rd5 Qb6 36. Qxe4 Bxd5 37. Nxd5 Qxb3 38. Ne3 Qb2 39. h3 Qd4 40. Ng4 Qxe4 41. Bxe4 Rb5 42. Kg2 g6 43. Kf3 Kg7 44. Bd3 Rb3 45. Ke4 Rb2 46. Kxe5 Ra2 47. Kf4 Ra3 48. Nf2 Ra4+ 49. Ne4 Ra1 50. h4 Rd1 51. Be2 Re1 52. Bf3 Rf1 53. g4 Ra1 54. g5 Ra5 55. Ng3 Rb5 56. Be4 h6 57. Nf1 Rb2 58. Ne3 Rh2 59. gxh6+ Kh8 60. Bxg6 Rxh4+ 61. Kg5 Rh1 62. Nc4 Rg1+ 63. Kf6 Rh1 64. Nd6 Kg8 65. Nf7 Rf1+ 66. Bf5 Rxf5+ 1/2-1/2

[Event "Dortmund Sparkassen op-A"]
[Site "Dortmund"]
[Date "2012.07.20"]
[Round "7"]
[White "Ciornei, Dragos"]
[Black "Piepho, Niels"]
[Result "1/2-1/2"]
[WhiteElo "2182"]
[BlackElo "2301"]
[PlyCount "54"]
[EventDate "2012.07.14"]
[EventType "swiss"]
[EventRounds "9"]
[EventCountry "GER"]
[SourceTitle "CBM 149 Extra"]
[Source "ChessBase"]
[SourceDate "2012.08.24"]
[SourceVersion "1"]
[SourceVersionDate "2012.08.24"]
[SourceQuality "1"]

1. e4 d6 2. d4 Nf6 3. Nc3 g6 4. Nf3 Bg7 5. Be2 c6 6. a4 a5 7. h3 0-0 8. 0-0 Na6 9. Be3 Nb4 10. Qd2 Re8 11. Rfd1 d5 12. exd5 Nbxd5 13. Nxd5 Nxd5 14. Bh6 Be6 15. Bxg7 Kxg7 16. Ne5 Qc7 17. c4 Nb4 18. Qc3 f6 19. Nd3 Na6 20. Rd2 Rad8 21. Rad1 Rd7 22. Nc5 Nxc5 23. dxc5 Rxd2 24. Rxd2 Rd8 25. Rd4 Rxd4 26. Qxd4 Qd7 27. Qc3 Qc7 1/2-1/2

[Event "Oberliga Nord W 1011"]
[Site "Germany"]
[Date "2011.02.06"]
[Round "6.3"]
[White "Hundack, Rolf"]
[Black "Piepho, Niels"]
[Result "1-0"]
[WhiteElo "2151"]
[BlackElo "2287"]
[PlyCount "61"]
[EventDate "2010.10.10"]
[EventType "team-tourn"]
[EventRounds "9"]
[EventCountry "GER"]
[SourceTitle "EXT 2012"]
[Source "ChessBase"]
[SourceDate "2011.11.24"]
[SourceVersion "1"]
[SourceVersionDate "2011.11.24"]
[SourceQuality "1"]
[WhiteTeam "Bremer SG"]
[BlackTeam "Hannover PSC"]
[WhiteTeamCountry "GER"]
[BlackTeamCountry "GER"]

1. c4 g6 2. g3 Bg7 3. Bg2 c5 4. e3 Nc6 5. Ne2 Nf6 6. Nbc3 0-0 7. 0-0 d6 8. b3 a6 9. Bb2 Rb8 10. d4 Bd7 11. Qd2 Qc8 12. Nd5 cxd4 13. Nxd4 Nxd5 14. cxd5 Nxd4 15. Bxd4 Bxd4 16. Qxd4 Qc5 17. Qh4 e5 18. Qe7 Rbd8 19. Rfc1 Qb6 20. Rc4 f6 21. a4 a5 22. b4 axb4 23. a5 Qb5 24. Rh4 h5 25. Be4 f5 26. Bf3 b3 27. Qxd6 Kf7 28. Rb4 b2 29. Rb1 Qxa5 30. Rxb7 Qa4 31. Rb6 1-0

[Event "Oberliga Nord W 0910"]
[Site "Germany"]
[Date "2010.01.24"]
[Round "5.2"]
[White "Piepho, Niels"]
[Black "Wittje, Berthold"]
[Result "1/2-1/2"]
[WhiteElo "2299"]
[BlackElo "2266"]
[PlyCount "53"]
[EventDate "2009.10.18"]
[EventType "team-tourn"]
[EventRounds "9"]
[EventCountry "GER"]
[SourceTitle "EXT 2011"]
[Source "ChessBase"]
[SourceDate "2010.11.26"]
[SourceVersion "1"]
[SourceVersionDate "2010.11.26"]
[SourceQuality "1"]
[WhiteTeam "Hannover PSC"]
[BlackTeam "Oldenburg Union"]
[WhiteTeamCountry "GER"]
[BlackTeamCountry "GER"]

1. Nf3 Nf6 2. g3 d5 3. Bg2 e6 4. 0-0 Be7 5. c4 0-0 6. d4 dxc4 7. Ne5 Nc6 8. Nxc6 bxc6 9. Qa4 Qxd4 10. Bxc6 Rb8 11. Nc3 Bb7 12. Rd1 Qc5 13. Bxb7 Rxb7 14. h3 Rb4 15. Qc2 Rfb8 16. Rb1 Nd5 17. Bd2 R4b7 18. Na4 Qc6 19. Rdc1 Nb4 20. Bxb4 Rxb4 21. Nc3 Qb7 22. Nd1 Bf6 23. a3 Rb3 24. Qxc4 Bxb2 25. Nxb2 Rxb2 26. Rxb2 Qxb2 27. Qxc7 1/2-1/2

[Event "Oberliga Nord W 0809"]
[Site "Germany"]
[Date "2009.03.01"]
[Round "7.3"]
[White "Hoellmann, Ludger"]
[Black "Piepho, Niels"]
[Result "0-1"]
[WhiteElo "2215"]
[BlackElo "2284"]
[PlyCount "82"]
[EventDate "2008.10.05"]
[EventType "tourn"]
[EventRounds "9"]
[EventCountry "GER"]
[SourceTitle "EXT 2010"]
[Source "ChessBase"]
[SourceDate "2010.11.25"]
[SourceVersion "1"]
[SourceVersionDate "2010.11.25"]
[SourceQuality "1"]
[WhiteTeam "Nordhorn Blanke"]
[BlackTeam "Hannover PSC"]
[WhiteTeamCountry "GER"]
[BlackTeamCountry "GER"]

1. d4 g6 2. e4 d6 3. Nc3 Nf6 4. Nf3 c6 5. Be2 Bg7 6. 0-0 0-0 7. a4 a5 8. h3 Na6 9. Be3 Nb4 10. Qc1 Qc7 11. Rd1 Re8 12. Bh6 e5 13. dxe5 dxe5 14. Be3 b6 15. Bc4 Be6 16. Bxe6 Rxe6 17. Qd2 Bf8 18. Qe2 Rd6 19. Rxd6 Bxd6 20. Rd1 Rd8 21. Bg5 Be7 22. Rxd8+ Bxd8 23. Qd2 Be7 24. g3 Kf8 25. Kg2 h5 26. Bh6+ Kg8 27. Bg5 Kf8 28. Bxf6 Bxf6 29. Nd1 Qd8 30. Qxd8+ Bxd8 31. Nxe5 Bc7 32. c3 Bxe5 33. cxb4 axb4 34. f4 Bd4 35. Kf3 c5 36. e5 c4 37. Ke4 Bxb2 38. Nxb2 c3 39. Nd3 b3 40. Kd4 b2 41. Kxc3 b1Q 0-1

[Event "Oberliga Nord W 0708"]
[Site "Germany"]
[Date "2008.04.20"]
[Round "9.3"]
[White "Piepho, Niels"]
[Black "Zeltwanger, Andre"]
[Result "1-0"]
[WhiteElo "2247"]
[BlackElo "2242"]
[PlyCount "77"]
[EventDate "2007.10.21"]
[EventType "team-tourn"]
[EventRounds "9"]
[EventCountry "GER"]
[SourceTitle "EXT 2009"]
[Source "ChessBase"]
[SourceDate "2008.11.26"]
[SourceVersion "1"]
[SourceVersionDate "2008.11.26"]
[SourceQuality "1"]
[WhiteTeam "Hannover PSC"]
[BlackTeam "Salzgitter"]
[WhiteTeamCountry "GER"]
[BlackTeamCountry "GER"]

1. c4 c5 2. Nc3 Nc6 3. g3 g6 4. Bg2 Bg7 5. d3 d6 6. Nf3 e5 7. 0-0 Nge7 8. a3 a5 9. Rb1 0-0 10. Bd2 h6 11. Ne1 Be6 12. Nc2 d5 13. cxd5 Nxd5 14. Ne3 Nde7 15. Nc4 Rb8 16. Nb5 Bd5 17. Bxd5 Nxd5 18. Bc3 Qd7 19. Qd2 Nd4 20. Bxd4 exd4 21. a4 b6 22. e4 dxe3 23. fxe3 Qe6 24. b3 Rbd8 25. Rbd1 Rfe8 26. e4 Nb4 27. Nc7 Qc6 28. Nxe8 Rxd3 29. Qf4 Qxe8 30. Nd6 Qe6 31. Rxd3 Nxd3 32. Qxf7+ Qxf7 33. Nxf7 c4 34. bxc4 Nc5 35. e5 Nxa4 36. e6 Kf8 37. Nh8+ Ke8 38. Nxg6 Nb2 39. e7 1-0

[Event "Oberliga Nord W 0708"]
[Site "Germany"]
[Date "2008.02.10"]
[Round "6.3"]
[White "Issing, Peter"]
[Black "Piepho, Niels"]
[Result "1/2-1/2"]
[WhiteElo "2266"]
[BlackElo "2247"]
[PlyCount "44"]
[EventDate "2007.10.21"]
[EventType "team-tourn"]
[EventRounds "9"]
[EventCountry "GER"]
[SourceTitle "EXT 2009"]
[Source "ChessBase"]
[SourceDate "2008.11.26"]
[SourceVersion "1"]
[SourceVersionDate "2008.11.26"]
[SourceQuality "1"]
[WhiteTeam "Bremen"]
[BlackTeam "Hannover PSC"]
[WhiteTeamCountry "GER"]
[BlackTeamCountry "GER"]

1. Nf3 g6 2. c4 Bg7 3. e4 c5 4. Nc3 Nc6 5. d3 d6 6. Be2 Nf6 7. h3 0-0 8. Be3 Bd7 9. Qd2 a6 10. 0-0 Qa5 11. a3 b5 12. b4 cxb4 13. axb4 Qc7 14. cxb5 Nxb4 15. Rfc1 Qb7 16. bxa6 Rxa6 17. Rab1 Rb8 18. Nd4 Qa8 19. Ncb5 Rab6 20. Ra1 Na6 21. Nc7 Qb7 22. Nxa6 Rxa6 1/2-1/2

[Event "Oberliga Nord W 0708"]
[Site "Germany"]
[Date "2007.11.25"]
[Round "3.3"]
[White "Renner, Kai"]
[Black "Piepho, Niels"]
[Result "0-1"]
[WhiteElo "2237"]
[BlackElo "2247"]
[PlyCount "88"]
[EventDate "2007.10.21"]
[EventType "team-tourn"]
[EventRounds "9"]
[EventCountry "GER"]
[SourceTitle "EXT 2009"]
[Source "ChessBase"]
[SourceDate "2008.11.26"]
[SourceVersion "1"]
[SourceVersionDate "2008.11.26"]
[SourceQuality "1"]
[WhiteTeam "Hameln"]
[BlackTeam "Hannover PSC"]
[WhiteTeamCountry "GER"]
[BlackTeamCountry "GER"]

1. e4 d6 2. d4 Nf6 3. Nc3 g6 4. f4 Bg7 5. Nf3 0-0 6. Bd3 Na6 7. 0-0 c5 8. d5 Bg4 9. Bc4 Nc7 10. h3 Bxf3 11. Qxf3 a6 12. a4 b6 13. Re1 e6 14. dxe6 fxe6 15. Be3 Qe7 16. Rad1 Rab8 17. e5 dxe5 18. Qc6 Nfd5 19. Nxd5 exd5 20. Bxd5+ Nxd5 21. Qxd5+ Kh8 22. fxe5 Rbd8 23. Qe4 Rxd1 24. Rxd1 Bxe5 25. Kh1 Qf6 26. c3 a5 27. Bg1 Qf5 28. Qxf5 Rxf5 29. Rd5 Bf4 30. Rxf5 gxf5 31. b4 axb4 32. cxb4 cxb4 33. Bxb6 Be5 34. Be3 b3 35. Bc1 b2 36. Bxb2 Bxb2 37. a5 Kg7 38. a6 Bd4 39. g4 f4 40. Kg2 Kf6 41. Kf3 Ke5 42. h4 Ba7 43. Kg2 Ke4 44. h5 f3+ 0-1

[Event "Dortmund op-A"]
[Site "Dortmund"]
[Date "2007.07.01"]
[Round "9"]
[White "Hammer, Jon Ludvig"]
[Black "Piepho, Niels"]
[Result "0-1"]
[WhiteElo "2346"]
[BlackElo "2231"]
[PlyCount "100"]
[EventDate "2007.06.22"]
[EventType "swiss"]
[EventRounds "9"]
[EventCountry "GER"]
[SourceTitle "EXT 2008"]
[Source "ChessBase"]
[SourceDate "2007.11.25"]
[SourceVersion "1"]
[SourceVersionDate "2007.11.25"]
[SourceQuality "1"]

1. e4 d6 2. d4 Nf6 3. Nc3 g6 4. f4 Bg7 5. Nf3 c5 6. Bb5+ Bd7 7. Bxd7+ Nfxd7 8. d5 b5 9. 0-0 b4 10. Ne2 Qa5 11. a3 Na6 12. f5 Nc7 13. Qe1 Qb5 14. axb4 Qc4 15. Ng3 cxb4 16. Ng5 Bf6 17. Bd2 a5 18. c3 b3 19. Nf3 Nb5 20. Be3 a4 21. Nd2 Qc8 22. Qe2 Qb7 23. Nxb3 Nxc3 24. bxc3 Qxb3 25. Rab1 Qxc3 26. Rfc1 Qa5 27. Rb5 Qd8 28. Bh6 a3 29. Qa2 Nc5 30. Rc4 Qd7 31. Rcb4 Qa7 32. Kf1 Rc8 33. Nh1 Bc3 34. Rb1 Nxe4 35. Qc2 a2 36. Qxe4 axb1Q+ 37. Rxb1 Qd4 38. Nf2 Qxe4 39. Nxe4 Be5 40. f6 Bxf6 41. Nxf6+ exf6 42. Rb7 g5 43. h4 gxh4 44. Bf4 Rd8 45. Be3 Rg8 46. Bb6 Rc8 47. Bc7 Rg5 48. Bxd6 Rxd5 49. Bb4 Rc2 50. Kg1 h3 0-1

[Event "Dortmund op-A"]
[Site "Dortmund"]
[Date "2007.06.27"]
[Round "5"]
[White "Heinzel, Olaf"]
[Black "Piepho, Niels"]
[Result "1/2-1/2"]
[WhiteElo "2403"]
[BlackElo "2231"]
[PlyCount "88"]
[EventDate "2007.06.22"]
[EventType "swiss"]
[EventRounds "9"]
[EventCountry "GER"]
[SourceTitle "EXT 2008"]
[Source "ChessBase"]
[SourceDate "2007.11.25"]
[SourceVersion "1"]
[SourceVersionDate "2007.11.25"]
[SourceQuality "1"]

1. b3 c5 2. Bb2 Nc6 3. f4 e6 4. Nf3 Nf6 5. e3 a6 6. Be2 Be7 7. 0-0 0-0 8. Ne5 Qc7 9. Bf3 d5 10. c4 Rd8 11. Qe2 Bd7 12. d3 Be8 13. Nd2 b5 14. Rac1 Rab8 15. Ba1 Qa5 16. Bc3 Qc7 17. Rfd1 bxc4 18. dxc4 Nb4 19. Bxb4 Rxb4 20. cxd5 Nxd5 21. Ndc4 a5 22. Nd3 Rbb8 23. Ncb2 Bb5 24. Qe1 Qa7 25. Nc4 a4 26. e4 Nb6 27. Nde5 axb3 28. axb3 f6 29. Nd3 Bxc4 30. bxc4 Rd4 31. Nf2 Rbd8 32. Rxd4 Rxd4 33. Be2 Qc7 34. g3 g5 35. fxg5 fxg5 36. Bf1 Nd7 37. Qe2 Ne5 38. Qh5 Rd2 39. Rd1 Rxd1 40. Qxd1 Nc6 41. Bh3 Nd4 42. Bg4 Qa5 43. Qb1 Qb4 44. Qa2 Qb7 1/2-1/2